00760nam a22002177a 4500001001000000003000500010005001700015008004100032010001000073011001000083035001000093040000900103082001500112100004300127245007700170260005700247300001000304500017200314650003000486650002600516000060362CHAP20220329140902.0971013s1964 r 00010 d a59296 a60268 a64428 cCHAP a634.9bP9700aPuente Espinosa, José María de la. 0aEnseñanza, investigación y asistencia forestal :b: sexenio 1964-70. aMéxico :bP.R.I. Oficina de Programación,c1964. a24 p. aEncuadernado con: Puente E. José Ma. de la. Directrices, valoración y secuencia para la enseñanza, investigación y asistencia forestal : sexenio 1964-70. 1964.14aBosquesxInvestigación.14aEnseñanza forestal.